[Event "Cup"]
[Site "Kali HUN"]
[Date "2002.01.19"]
[Round "3"]
[White "Gadacsi,M"]
[Black "Kosztolanczi,G"]
[Result "0-1"]
[WhiteElo "2099"]
[BlackElo "2192"]

1.e4 d6 2.d4 Nf6 3.Nc3 e5 4.Nf3 Nbd7 5.Bc4 Be7 6.Bxf7+ Kxf7 7.Ng5+ Kg8 8.Ne6 Qe8
9.Nxc7 Qg6 10.Nxa8 Qxg2 11.Rf1 exd4 12.Ne2 Ne5 13.Nxd4 Qxe4+ 14.Be3 Nd5 15.Kd2 Nc4+
16.Kc1 Ndxe3 17.Qd3 Qxd3 18.cxd3 Nxf1  0-1

[Event "18th Open"]
[Site "Skopje MKD"]
[Date "2002.01.19"]
[Round "5"]
[White "Stojanovski,D"]
[Black "Mitkov,N"]
[Result "0-1"]
[WhiteElo "2416"]
[BlackElo "2492"]

1.e4 d6 2.d4 Nf6 3.Nc3 e5 4.Nf3 Nbd7 5.Bc4 Be7 6.O-O O-O 7.Re1 c6 8.a4 a5
9.h3 exd4 10.Qxd4 Nc5 11.b3 Be6 12.Bb2 Qc7 13.Bxe6 Nxe6 14.Qc4 Nd7 15.Nd5 cxd5
16.exd5 Qxc4 17.bxc4 Nb6 18.dxe6 Nxc4 19.Bd4 Rac8 20.Rab1 Rc7 21.Bb6 Nxb6
22.Rxb6 fxe6 23.Rxe6 Rf4 24.Re1 Rxa4 25.Reb1 Rxc2 26.Rxb7 Re2 27.Ra7 h6 28.Rb5 Ra1+
29.Kh2 Bf6 30.Rbxa5 Rf1 31.Ra2 Rfxf2 32.Rxe2 Rxe2 33.Rd7 Re6 34.Kg3 Kf8 35.Kf4 Ke8
36.Rb7 Re7 37.Rb4 Kf7 38.Rb5 Re2 39.g4 Ke6 40.h4 Rc2 41.g5 Rc4+ 42.Ke3 hxg5
43.hxg5 Be5 44.Rb7 g6 45.Rb8 Rc3+ 46.Ke2 Kf5 47.Rf8+ Kg4 48.Rf7 Bf4 49.Nd4 Re3+
50.Kf2 Re4 51.Nf3 Ra4 52.Ng1 Bxg5 53.Ne2 Bf4 54.Nc3 Rc4 55.Nd5 Rc2+ 56.Kf1 g5  0-1

[Event "4NCL"]
[Site "Birmingham ENG"]
[Date "2002.01.20"]
[Round "6"]
[White "Povah,N"]
[Black "Collinson,A"]
[Result "0-1"]
[WhiteElo "2362"]
[BlackElo "2405"]

1.d4 d6 2.e4 Nf6 3.Nc3 e5 4.Nf3 Nbd7 5.Bc4 Be7 6.h3 c6 7.a4 O-O 8.dxe5 dxe5
9.Qe2 Qc7 10.g4 Nc5 11.Nh4 Be6 12.Nf5 Bxc4 13.Qxc4 Ne6 14.Be3 Rfd8 15.Nxe7+ Qxe7
16.Ne2 Nf4 17.Bxf4 exf4 18.f3 Qe5 19.Qc3 Nd7 20.h4 Qxc3+ 21.bxc3 Ne5 22.Rf1 Rd6
23.Rb1 b6 24.Rd1 Rad8 25.Rxd6 Rxd6 26.Nd4 f6 27.Ke2 Nc4 28.Rd1 Kf7 29.Nf5 Rxd1
30.Kxd1 c5 31.h5 g6 32.hxg6+ hxg6 33.Nh4 Nb2+ 34.Kd2 Nxa4 35.c4 Nb2 36.Kc3 Nd1+  0-1

[Event "18th Open"]
[Site "Skopje MKD"]
[Date "2002.01.20"]
[Round "6"]
[White "Palac,M"]
[Black "Georgiev,Vl"]
[Result "1/2-1/2"]
[WhiteElo "2580"]
[BlackElo "2560"]

1.e4 d6 2.d4 Nf6 3.Nc3 e5 4.Nf3 Nbd7 5.Bc4 Be7 6.O-O O-O 7.a4 a5 8.Re1 c6
9.Ba2 exd4 10.Nxd4 Nc5 11.h3 Qb6 12.Qf3 Be6 13.Nf5  1/2-1/2

[Event "Corus Tens"]
[Site "Wijk aan Zee NED"]
[Date "2002.01.21"]
[Round "4"]
[White "Smeets,J"]
[Black "Klinova,M"]
[Result "1/2-1/2"]
[WhiteElo "2327"]
[BlackElo "2432"]

1.e4 d6 2.d4 Nf6 3.Nc3 c6 4.f4 Qa5 5.Bd3 e5 6.Nf3 Nbd7 7.O-O Be7 8.Kh1 O-O
9.Qe1 exd4 10.Nd5 Qd8 11.Nxe7+ Qxe7 12.e5 Nd5 13.Qe4 f5 14.Qxd4 Nc5 15.Bc4 Be6
16.Bxd5 cxd5 17.exd6 Qxd6 18.b3 Ne4 19.Bb2 Rf7 20.Qe3 b6 21.Rfd1 Qc5 22.Nd4 Re8
23.a4 Bd7 24.Re1 h6 25.Qf3 Rc8 26.Re3 Qb4 27.Qe2 Be8  1/2-1/2

[Event "GMB"]
[Site "Bermuda BER"]
[Date "2002.01.23"]
[Round "3"]
[White "Berg,E"]
[Black "Nyback,T"]
[Result "1-0"]
[WhiteElo "2500"]
[BlackElo "2448"]

1.e4 d6 2.d4 Nf6 3.Nc3 e5 4.Nf3 Nbd7 5.Bc4 Be7 6.O-O O-O 7.a4 c6 8.Re1 Qc7
9.h3 b6 10.Bg5 Bb7 11.Qe2 Rfe8 12.dxe5 dxe5 13.Nh4 g6 14.Rad1 a6 15.Qf3 b5
16.Ba2 Kg7 17.Ne2 h6 18.Bxh6+ Kxh6 19.Bxf7 Nf8 20.Qe3+ Kg7 21.Bxg6 Nxg6 22.Qg5 Rg8
23.Nxg6 Kh7 24.Qxe5 Qxe5 25.Nxe5 Rae8 26.Nf4 c5 27.axb5 axb5 28.c4 b4 29.f3 Rg5
30.Ned3 Bd6 31.h4 Rg3 32.e5 Bxf3 33.exd6 Reg8 34.Re7+ Kh6 35.Rd2 Ne4 36.Rxe4 Bxe4
37.Nxc5 Bf5 38.d7 R3g4 39.Nfe6  1-0

[Event "Unilog-Integrata GM"]
[Site "Griesheim GER"]
[Date "2002.01.25"]
[Round "3"]
[White "Glek,I"]
[Black "Schmaltz,R"]
[Result "1-0"]
[WhiteElo "2601"]
[BlackElo "2534"]

1.e4 d6 2.d4 Nf6 3.Nc3 Nbd7 4.Nf3 e5 5.Bc4 Be7 6.O-O O-O 7.Re1 c6 8.a4 b6
9.Ba2 a6 10.Be3 Ng4 11.Bd2 Ngf6 12.h3 Rb8 13.Be3 b5 14.axb5 axb5 15.Nd2 Re8
16.Ne2 Bf8 17.c3 d5 18.Bg5 h6 19.Bh4 g5 20.Bg3 dxe4 21.dxe5 Nxe5 22.Nd4 Bd7
23.Nxe4 Nxe4 24.Rxe4 Qf6 25.Rxe5 Rxe5 26.Nf3  1-0

[Event "TSGM January"]
[Site "Novi Sad YUG"]
[Date "2002.01.25"]
[Round "7"]
[White "Balogh,C"]
[Black "Scekic,M"]
[Result "1/2-1/2"]
[WhiteElo "2398"]
[BlackElo "2444"]

1.e4 c6 2.d4 d6 3.Nc3 Nf6 4.g3 b5 5.a3 e5 6.Nge2 Nbd7 7.Bg2 Be7 8.O-O O-O
9.h3 a5 10.Be3 Bb7 11.dxe5 dxe5 12.g4 Qc7 13.Ng3 Nc5 14.g5 Nfd7 15.Nf5 Rfe8
16.Nxe7+ Rxe7 17.Qd2 Ne6 18.Rfd1 Nb6 19.Bxb6 Qxb6 20.Qd6 Qc7 21.Qxc7 Rxc7
22.h4 Nd4 23.Rd2 Rd8 24.Kf1 Rcd7 25.b4 Kf8  1/2-1/2

[Event "Unilog-Integrata GM"]
[Site "Griesheim GER"]
[Date "2002.01.26"]
[Round "4"]
[White "Milov,L"]
[Black "Galdunts,S"]
[Result "1/2-1/2"]
[WhiteElo "2470"]
[BlackElo "2510"]

1.e4 d6 2.d4 Nf6 3.Nc3 Nbd7 4.f4 e5 5.Nf3 exd4 6.Qxd4 c6 7.f5 Qb6 8.Be2 Nc5
9.Nd2 Ncd7 10.Nb3 Ne5 11.Bf4 Qxd4 12.Nxd4 Be7 13.O-O-O Bd8 14.a3 Ba5 15.b4 Bc7
16.Kb1 O-O 17.h3 Re8 18.g4 a5 19.b5 Nfd7 20.Na4 Nf6 21.Nc3 Nfd7 22.a4 Bb6
23.Nb3 Bc7 24.Be3 Rd8 25.Bf4 Re8 26.Rd4 Nb6 27.Rhd1 Bd7 28.R4d2 Kf8 29.Rf1 Nbc4
30.Rdd1 Ke7 31.Ka2 f6 32.g5 Bb6 33.Nd4 Bc5 34.Rg1 Rg8 35.Rg3 h6 36.h4 Rad8
37.Nb3 Bb4 38.bxc6 bxc6 39.Nb1 hxg5 40.hxg5 Rb8 41.c3 Bc5 42.Bxc4 Nxc4 43.gxf6+ gxf6
44.N1d2 Rxg3 45.Bxg3 Nxd2 46.Rxd2 Rg8 47.Bh2 Rg4 48.Nxc5 dxc5 49.Bd6+ Ke8
50.Re2 Bc8 51.Kb3 Ba6 52.Re3 Bf1 53.c4 Kf7 54.Bc7 Bg2 55.e5 fxe5 56.Bxe5 Re4
57.Rxe4 Bxe4 58.f6 Bf3 59.Bc3 Bd1+ 60.Ka3 Be2 61.Bxa5 Kxf6 62.Bd8+ Ke6 63.Kb3 Bd1+  1/2-1/2

[Event "Unilog-Integrata GM"]
[Site "Griesheim GER"]
[Date "2002.01.27"]
[Round "5"]
[White "Ginsburg,G"]
[Black "Schmaltz,R"]
[Result "0-1"]
[WhiteElo "2493"]
[BlackElo "2534"]

1.e4 d6 2.d4 Nf6 3.Nc3 Nbd7 4.Nf3 e5 5.Bc4 Be7 6.O-O O-O 7.Re1 a6 8.a4 b6
9.h3 Bb7 10.d5 Kh8 11.Be3 Ng8 12.Bf1 g6 13.Qd2 f5 14.g3 a5 15.h4 Nc5 16.Bh3 Bc8
17.Bxc5 bxc5 18.Ng5 f4 19.Ne6 Bxe6 20.Bxe6 Nh6 21.Nb5 g5 22.hxg5 Bxg5 23.Qe2 f3
24.Qf1 Qe7 25.Qh3 Rf6 26.Qh5 Qg7 27.Nxc7 Qxc7 28.Qxg5 Raf8 29.Ra3 c4 30.Ree3 Qb6
31.Qh5 Qd4 32.Rxf3 Qxe4 33.Rae3 Qxc2 34.Rxf6 Rxf6 35.Rf3 Rxf3 36.Qxf3 Kg7
37.Qe3 Kg6 38.Qb6 Qc1+ 39.Kh2 Qe1 40.Bh3 Nf7 41.Bd7 Qd2 42.Be6 Ng5 43.g4 Qf4+
44.Kg1 Nxe6 45.Qxd6 Qxg4+ 46.Kf1 Qd1+ 47.Kg2 Qxd5+  0-1

[Event "Unilog-Integrata GM"]
[Site "Griesheim GER"]
[Date "2002.01.30"]
[Round "8"]
[White "Glek,I"]
[Black "Galdunts,S"]
[Result "1-0"]
[WhiteElo "2601"]
[BlackElo "2510"]

1.e4 d6 2.d4 Nf6 3.Nc3 Nbd7 4.Nf3 e5 5.Bc4 Be7 6.O-O O-O 7.Re1 c6 8.a4 b6
9.b3 a6 10.Bb2 Qc7 11.h3 Bb7 12.Bd3 Rfe8 13.Ne2 Bf8 14.Ng3 g6 15.c3 Bg7 16.Qb1 d5
17.dxe5 Nxe4 18.Nxe4 dxe4 19.Bxe4 Nxe5 20.Nxe5 Bxe5 21.c4 Re6 22.Bf3 Rae8
23.Rxe5 Rxe5 24.Bxe5 Rxe5 25.Qb2 Re7 26.Rd1 Rd7 27.Rxd7 Qxd7 28.Qe5 a5 29.Qb8+ Kg7
30.Qa7 Qc7 31.Be2 Kf6 32.c5 Qe7 33.Bf1 bxc5 34.Qxa5 Ke6 35.Qd2 Qd6 36.Bc4+ Ke7
37.Qxd6+ Kxd6 38.Bxf7  1-0

[Event "It"]
[Site "Bijeljina Dvorovi YUG"]
[Date "2002.02.01"]
[Round "7"]
[White "Savanovic,A"]
[Black "Dumitrache,D"]
[Result "0-1"]
[WhiteElo "2428"]
[BlackElo "2506"]

1.e4 d6 2.d4 Nf6 3.Nc3 c6 4.Nf3 Bg4 5.h3 Bh5 6.g4 Bg6 7.Qe2 e6 8.h4 h5 9.g5 Nfd7
10.Bf4 Be7 11.O-O-O O-O 12.Qe3 d5 13.exd5 cxd5 14.Bxb8 Rxb8 15.Bd3 Bxd3 16.Rxd3 g6
17.Ne5 Nxe5 18.Qxe5 Bd6 19.Qe3 Qa5 20.Kb1 Rfc8 21.Ne2 Rc4 22.Rc3 b5 23.b3 Rcc8
24.Rh3 Bb4 25.Rxc8+ Rxc8 26.Qd3 Ba3 27.c3 a6 28.Rf3 Bd6 29.Rf6 Kg7 30.Qf3 Qc7
31.b4 a5 32.a3 axb4 33.axb4 Bxb4 34.Nf4 Qxc3 35.Nxe6+ Kg8 36.Qxc3 Bxc3 37.Nf4 Bxd4
38.Ra6 Rd8 39.f3 Bf2  0-1

[Event "7th HIT Open"]
[Site "Nova Gorica SLO"]
[Date "2002.02.03"]
[Round "4"]
[White "Palac,M"]
[Black "Tratar,M"]
[Result "1-0"]
[WhiteElo "2580"]
[BlackElo "2424"]

1.e4 d6 2.d4 Nf6 3.Nc3 e5 4.dxe5 dxe5 5.Qxd8+ Kxd8 6.Bg5 Be6 7.f4 exf4 8.Nf3 h6
9.O-O-O+ Nd7 10.Bxf4 c6 11.Nd4 Bb4 12.e5 Nd5 13.Nxd5 Bxd5 14.h4 Be6 15.Nxe6+ fxe6
16.Rh3 Kc7 17.Rb3 a5 18.a3 Rhf8 19.g3 Be7 20.Rxb7+ Kxb7 21.Rxd7+ Kc8 22.Rxe7 g5
23.hxg5 hxg5 24.Rxe6 gxf4 25.Rxc6+ Kd7 26.Rd6+ Ke7 27.gxf4 Rxf4 28.Bd3 a4
29.Rd5 Rf2 30.Kb1 Rf4 31.Ka2 Rc8 32.Rb5 Rd8  1-0

[Event "Mimoza Open"]
[Site "Herceg Novi YUG"]
[Date "2002.02.05"]
[Round "2"]
[White "Djukic,Ni"]
[Black "Damljanovic,B"]
[Result "0-1"]
[WhiteElo "2383"]
[BlackElo "2545"]

1.e4 d6 2.d4 Nf6 3.Nc3 e5 4.Nf3 Nbd7 5.Bc4 Be7 6.O-O O-O 7.Re1 c6 8.a4 a5
9.b3 exd4 10.Nxd4 Nb6 11.Bf1 d5 12.exd5 Nbxd5 13.Nxd5 Nxd5 14.Ba3 Bxa3 15.Rxa3 Qf6
16.Ra1 Rd8 17.Qe2 g6 18.Qe5 Qxe5 19.Rxe5 Nb4 20.c3 Nd5 21.Rae1 Bd7 22.Rc1 Be8
23.g3 Rd6 24.Bg2 Nxc3 25.Nf5 gxf5 26.Rxc3 Rd1+ 27.Bf1 Bd7 28.Rd3 Rxd3 29.Bxd3 Kf8
30.Bxf5 f6 31.Rc5 b6 32.Bxd7 bxc5 33.Bxc6 Rd8 34.Bb5 Rd2 35.Kg2 Ke7 36.Kf3 Kd6
37.Bc4 Ke5 38.Ke3 Rd1 39.f4+ Kd6 40.Ke4 Re1+ 41.Kf3 f5 42.Kf2 Rc1 43.h4 Rc2+
44.Kf3 Ke7 45.Ke3 Kf6 46.Kf3 Kg6 47.Ke3 Kh5 48.Kf3 Rc3+ 49.Kg2  0-1

[Event "Aeroflot Open"]
[Site "Moscow RUS"]
[Date "2002.02.05"]
[Round "2"]
[White "Kalinin,Al"]
[Black "Shabanov,Y"]
[Result "1/2-1/2"]
[WhiteElo "2512"]
[BlackElo "2463"]

1.e4 d6 2.d4 Nf6 3.Nc3 e5 4.Nf3 Nbd7 5.Bc4 Be7 6.O-O O-O 7.Re1 c6 8.a4 a5
9.h3 h6 10.Ba2 Qc7 11.Qe2 Bd8 12.Be3 Re8 13.dxe5 dxe5 14.Nh4 Nf8 15.Qf3 Be6
16.Nf5 Bxa2 17.Rxa2 Ne6 18.Qg3 Kh7 19.Raa1 Be7 20.Nxe7 Rxe7 21.Rad1 Rd7 22.Rxd7 Nxd7
23.Qf3  1/2-1/2

[Event "Mimoza Open"]
[Site "Herceg Novi YUG"]
[Date "2002.02.06"]
[Round "4"]
[White "Kontic,D"]
[Black "Damljanovic,B"]
[Result "1/2-1/2"]
[WhiteElo "2348"]
[BlackElo "2545"]

1.e4 d6 2.d4 Nf6 3.Nc3 e5 4.dxe5 dxe5 5.Qxd8+ Kxd8 6.Bg5 Be6 7.O-O-O+ Nd7
8.Nf3 Kc8 9.a3 Bc5 10.Bh4 Ng4 11.Rd2 f6 12.h3 Nh6 13.Be2 Nf7 14.Bg3 Re8 15.Ne1 Nd6
16.Bg4 Bd4 17.Bxe6 Rxe6 18.Ne2 Bb6 19.Nc3 a5 20.Re2 a4 21.f3 Nc4 22.Bf2 Bxf2
23.Rxf2 c6 24.Nd3 Kc7 25.h4 b5 26.h5 Rd6 27.Rh3 Nf8 28.Rg3 Ne6 29.f4 exf4
30.Nxf4 Ng5 31.Nh3 h6 32.Nxg5 hxg5 33.h6 gxh6 34.Rgf3 Rf8 35.Rh3 Ne5 36.Rxh6 Ng4
37.Rh7+ Rd7 38.Rxd7+ Kxd7 39.Rd2+ Ke6 40.b3 Ke5 41.bxa4 bxa4 42.Nxa4 Ra8
43.Nb6 Ra6 44.Nd7+ Kxe4 45.Rd3  1/2-1/2

[Event "Mimoza Open"]
[Site "Herceg Novi YUG"]
[Date "2002.02.07"]
[Round "6"]
[White "Savic,Miod1"]
[Black "Damljanovic,B"]
[Result "1-0"]
[WhiteElo "2469"]
[BlackElo "2545"]

1.e4 d6 2.d4 Nf6 3.Nc3 e5 4.Nf3 Nbd7 5.Bc4 Be7 6.O-O O-O 7.Re1 c6 8.a4 a5
9.h3 exd4 10.Qxd4 Nc5 11.Be3 Be6 12.Rad1 Nfd7 13.Bxe6 fxe6 14.Qc4 Qe8 15.Nd4 d5
16.exd5 exd5 17.Nxd5 cxd5 18.Qxd5+ Kh8 19.Nf5 Rxf5 20.Qxf5 Qf8 21.Qh5 Nf6
22.Qe5 Nxa4 23.Bg5 Bb4 24.Re3 h6 25.Bxf6 Qxf6 26.Qxf6 gxf6 27.b3 Nc3 28.Rdd3 Rc8
29.Rd7 b5 30.Re6 Ra8 31.Rxf6 Bf8 32.Rc6 a4 33.bxa4 bxa4 34.Rxc3 a3 35.Rd1 a2
36.Ra1 Bg7 37.Rxa2 Rxa2 38.Rc8+ Kh7 39.g3 Kg6 40.Rc6+ Bf6 41.Kg2 Ra3 42.Rc5 Bd4
43.Rc4 Bf6 44.Kf1 h5 45.Rc6 h4 46.Kg2 hxg3 47.fxg3 Kf5 48.g4+ Ke5 49.c3 Bg5
50.Rc5+ Kf6 51.Rc6+ Kf7 52.Rc5 Be7 53.Rc7 Ke6 54.Kf3 Bb4 55.Ke4 Bxc3 56.Rc6+ Kd7
57.Rb6 Be1 58.Rh6 Ke7 59.h4 Kf7 60.h5 Kg7 61.Rg6+ Kf7 62.Rb6 Bd2 63.Rb5 Ra4+
64.Kf3 Rd4 65.g5 Rd7 66.Ke4  1-0

[Event "13th Asian Cities"]
[Site "Aden YEM"]
[Date "2002.02.08"]
[Round "2"]
[White "Kuruppu,D"]
[Black "Mansour,S"]
[Result "0-1"]
[WhiteElo "2131"]
[BlackElo "2239"]

1.e4 d6 2.d4 Nf6 3.Nc3 Nbd7 4.Be3 c6 5.f3 e5 6.Qd2 Be7 7.O-O-O b5 8.g4 b4
9.Nce2 Qa5 10.Kb1 Nb6 11.Nc1 Be6 12.Nb3 Qa4 13.dxe5 dxe5 14.Ne2 O-O 15.Nec1 Rfd8
16.Qe1 Rxd1 17.Qxd1 Nfd7 18.Be2 c5 19.Qf1 c4 20.Nd2 Rc8 21.b3 Qa3 22.Bxb6 Nxb6
23.Nxc4 Bxc4 24.Bxc4 Rxc4 25.Nd3 Rc8 26.Nxe5 Rc5 27.Nd3 Ra5 28.Nc1 Bf6 29.c3 bxc3
30.Qe2 Bg5 31.Qc2 Bd2 32.Rd1 Qb4 33.Ka1 h5 34.h3 Nd7 35.Ne2 Nc5 36.Kb1 Ra3
37.Nc1 a5 38.Nd3 Nxd3 39.Qxd3 Rxb3+ 40.Ka1 Rb2 41.Qd8+ Kh7 42.Qd5 c2 43.Qf5+ Kg8
44.Qc8+ Qf8 45.Qxf8+ Kxf8 46.Kxb2 cxd1=Q  0-1

[Event "Aeroflot Open"]
[Site "Moscow RUS"]
[Date "2002.02.08"]
[Round "6"]
[White "Guseinov,K"]
[Black "Shabanov,Y"]
[Result "1-0"]
[WhiteElo "2527"]
[BlackElo "2463"]

1.e4 d6 2.d4 Nf6 3.Nc3 e5 4.Nf3 Nbd7 5.Bc4 Be7 6.O-O O-O 7.Re1 c6 8.a4 a5
9.Ba2 h6 10.h3 Qc7 11.Be3 Re8 12.Nh4 Nf8 13.Qf3 Be6 14.Nf5 Bxa2 15.Rxa2 Kh7
16.Raa1 Ng6 17.dxe5 dxe5 18.Ne2 Ng8 19.Neg3 Bf8 20.Nh5 Re6 21.Rad1 Nh8 22.Nhg3 g6
23.Nh4 Be7 24.Qg4 Rd8 25.Nf1 Nf6 26.Qf3 Rxd1 27.Rxd1 Rd6 28.Re1 b5 29.g4 Ne8
30.Qg3 Ng7 31.Ng2 f6 32.Bxh6 Kxh6 33.Qh4+ Nh5 34.gxh5 gxh5 35.Ng3 Rd8 36.Nf5+  1-0

[Event "Aeroflot Open"]
[Site "Moscow RUS"]
[Date "2002.02.08"]
[Round "6"]
[White "Motylev,A"]
[Black "Shushpanov,R"]
[Result "1/2-1/2"]
[WhiteElo "2639"]
[BlackElo "2460"]

1.e4 d6 2.d4 Nf6 3.Nc3 e5 4.dxe5 dxe5 5.Qxd8+ Kxd8 6.Bg5 Bd6 7.O-O-O h6 8.Bxf6+ gxf6
9.g3 Nc6 10.Bh3 Be6 11.f4 exf4 12.gxf4 Ke8 13.f5 Bc4 14.Nf3 Ne5 15.Nd2 c6
16.Rdg1 Ke7 17.Rg3 Rag8 18.Rhg1 Rg5 19.Bf1 Bxf1 20.Rxf1 Ng4 21.Rd3 Nxh2 22.Rd1 Bf4
23.Ne2 Bc7 24.Nf3 Nxf3 25.Rd7+ Kf8 26.Rxc7 Rg4 27.Rxb7 h5 28.Rxa7 h4 29.Rf1 Ng5
30.Ra8+ Kg7 31.Rxh8 Kxh8 32.Rf4 Rxf4 33.Nxf4 Nxe4 34.Kd1 Kg7 35.Ke2 Nd6 36.Kf3 Nxf5
37.Kg4 Ne3+ 38.Kxh4 Nxc2 39.a4 Kf8 40.a5 Nb4 41.Kg4  1/2-1/2

[Event "13th Asian Cities"]
[Site "Aden YEM"]
[Date "2002.02.09"]
[Round "4"]
[White "Bakhtiari,M"]
[Black "Ali,A IRQ"]
[Result "1-0"]
[WhiteElo "2269"]
[BlackElo "2272"]

1.e4 d6 2.d4 Nf6 3.Nc3 c6 4.a4 Qa5 5.Bd2 e5 6.Nge2 Qc7 7.f3 Be7 8.Be3 O-O
9.g4 Bxg4 10.fxg4 Nxg4 11.Qd2 Bh4+ 12.Ng3 h6 13.Bg2 exd4 14.Qxd4 d5 15.O-O-O Bf6
16.Qd3 d4 17.Bxd4 Rd8 18.Qc4 Rxd4 19.Rxd4 Na6 20.e5 Nxe5 21.Qe2 Nf3 22.Rd3 Nd4
23.Qf2 c5 24.Nd5 Bg5+ 25.Kb1 Qa5 26.h4 Bd8 27.Nh5 Nc7 28.Nxc7 Bxc7 29.Rg1 Ne6
30.Rd7 Rf8 31.Bd5 Be5 32.Bxe6 Qb6 33.Bh3  1-0

[Event "XVIII Open"]
[Site "Cappelle la Grande FRA"]
[Date "2002.02.09"]
[Round "1"]
[White "Cheng Xinkai"]
[Black "Solak,D"]
[Result "0-1"]
[WhiteElo "2308"]
[BlackElo "2501"]

1.d4 d6 2.e4 Nf6 3.Nc3 e5 4.dxe5 dxe5 5.Qxd8+ Kxd8 6.Bc4 Bb4 7.f3 Ke7 8.Ne2 c6
9.Be3 Nbd7 10.Kf2 Bc5 11.a4 a5 12.Nd1 Ne8 13.Nc1 Nd6 14.Be2 Bxe3+ 15.Nxe3 Nc5
16.Nd3 Nxd3+ 17.Bxd3 Be6 18.Rhd1 g6 19.b3 Rhd8 20.g3 Rd7 21.Bc4 Nxc4 22.Rxd7+ Kxd7
23.Nxc4 Bxc4 24.Rd1+ Kc7 25.bxc4 Rd8 26.Rxd8 Kxd8 27.Ke3 Kc7 28.c5 b5 29.Kd3 h5
30.h4 f5 31.exf5 g5 32.g4 e4+ 33.Kd2 bxa4  0-1

[Event "XVIII Open"]
[Site "Cappelle la Grande FRA"]
[Date "2002.02.10"]
[Round "2"]
[White "Andrzejewska,E"]
[Black "Berkvens,J"]
[Result "1/2-1/2"]
[WhiteElo "2231"]
[BlackElo "2461"]

1.e4 d6 2.d4 Nf6 3.Nc3 e5 4.dxe5 dxe5 5.Qxd8+ Kxd8 6.Bg5 Be6 7.O-O-O+ Nd7
8.Nf3 Kc8 9.Bh4 Bb4 10.Nd5 Nxd5 11.exd5 Bg4 12.Be2 f5 13.h3 Bxf3 14.Bxf3 Rg8
15.Be2 g5 16.Bg3 Bd6 17.f3 e4 18.Bxd6 exf3 19.gxf3 cxd6 20.Bd3 Rf8 21.Rdg1 h6
22.h4 Ne5 23.hxg5 Nxf3 24.Rf1 Nxg5 25.Rxh6 Kc7 26.Rg6 Ne4 27.Bxe4  1/2-1/2

[Event "XVIII Open"]
[Site "Cappelle la Grande FRA"]
[Date "2002.02.10"]
[Round "2"]
[White "Cabrera,A"]
[Black "Galdunts,S"]
[Result "1-0"]
[WhiteElo "2440"]
[BlackElo "2510"]

1.e4 d6 2.d4 Nf6 3.Nc3 Nbd7 4.Nf3 e5 5.Bc4 Be7 6.O-O O-O 7.Re1 c6 8.a4 b6
9.Ba2 a6 10.Be3 Rb8 11.Nd2 b5 12.h3 Re8 13.Ne2 Nf8 14.Ng3 g6 15.c3 Ne6 16.Nf3 Qc7
17.axb5 axb5 18.Ng5 Bf8 19.Qf3 Bg7 20.Bb3 c5 21.Nxe6 Bxe6 22.Bxe6 Rxe6 23.d5 Ree8
24.Ra6 Rb6 25.Rea1 Nd7 26.Qe2 Reb8 27.b4 Bf8 28.Nf1 Rxa6 29.Rxa6 Qb7 30.Ra5 Be7
31.Qa2 Bd8 32.Ra7 Qc8 33.Qe2 Bb6 34.Ra1 c4 35.Bxb6 Nxb6 36.Ra5 Na4 37.Qe3 Qb7
38.Nh2 Qb6 39.Qf3 h5 40.g4 Nb2 41.gxh5 gxh5 42.Qxh5 Nd3 43.Ng4 Kf8 44.Qh8+ Ke7
45.Qf6+ Ke8 46.Nh6  1-0

[Event "13th Asian Cities"]
[Site "Aden YEM"]
[Date "2002.02.11"]
[Round "6"]
[White "Al Subaihi,K"]
[Black "Al Kailani,Z"]
[Result "1/2-1/2"]
[WhiteElo "2178"]
[BlackElo "2095"]

1.e4 d6 2.d4 Nf6 3.Nc3 Nbd7 4.Be3 e5 5.f3 Be7 6.Qd2 c6 7.g4 h6 8.Nge2 Qa5
9.Ng3 exd4 10.Bxd4 Ne5 11.Be2 b5 12.O-O Nc4 13.Qc1 c5 14.Bf2 a6 15.a4 b4
16.Bxc4 bxc3 17.Qe1 Be6 18.Bxe6 fxe6 19.bxc3 Nd7 20.f4 O-O 21.Be3 Bf6 22.Bd2 c4
23.g5 Qc5+ 24.Kh1 Be7  1/2-1/2

[Event "FSGM February"]
[Site "Budapest HUN"]
[Date "2002.02.11"]
[Round "10"]
[White "Dembo,Y"]
[Black "Mensch,E"]
[Result "1-0"]
[WhiteElo "2346"]
[BlackElo "2380"]

1.e4 d6 2.d4 Nf6 3.Nc3 Nbd7 4.Nf3 e5 5.Bc4 Be7 6.O-O O-O 7.a4 c6 8.Ba2 b6
9.Re1 a6 10.Bg5 h6 11.Bh4 Nh5 12.Bxe7 Qxe7 13.Ne2 Ndf6 14.Ng3 Nf4 15.Qd2 Bg4
16.Qc3 Bxf3 17.Qxf3 g6 18.Rad1 b5 19.a5 Qc7 20.b4 c5 21.bxc5 dxc5 22.dxe5 Qxe5
23.Bd5 Rad8 24.Bb7 b4 25.Bxa6 Ra8 26.Bc4 Rxa5 27.Ne2 Nxe2+ 28.Qxe2 Rfa8 29.f4 Qxf4
30.e5 Ng4 31.g3 Qg5 32.e6 Kg7 33.exf7 Rf8 34.Rd5 Qf6 35.Qxg4 Rxf7 36.Rd2 Ra1
37.Rxa1 Qxa1+ 38.Qd1 Ra7 39.Qxa1+ Rxa1+ 40.Kf2 Rc1 41.Ke3 Kf6 42.Kd3 Rf1
43.Bb3 Rf3+ 44.Kc4 Rc3+ 45.Kd5 Kg5 46.Bc4 h5 47.Kxc5  1-0

[Event "10th Open"]
[Site "Valle d'Aosta ITA"]
[Date "2002.02.11"]
[Round "3"]
[White "Bellia,F"]
[Black "Georgiev,Vl"]
[Result "0-1"]
[WhiteElo "2419"]
[BlackElo "2560"]

1.e4 d6 2.d4 Nf6 3.Nc3 e5 4.Nf3 Nbd7 5.Bc4 Be7 6.O-O O-O 7.Re1 c6 8.a4 b6
9.d5 Bb7 10.b3 cxd5 11.Nxd5 Rc8 12.Ba3 Nxd5 13.Bxd5 Bxd5 14.exd5 f5 15.Nd2 a6
16.Nf3 Nc5 17.Bxc5 Rxc5 18.c4 Bf6 19.Rc1 Qc7 20.Re2 b5 21.axb5 axb5 22.Rec2 Qb7
23.h4 bxc4 24.bxc4 h6 25.g3 Rfc8 26.Ne1 Qa6 27.Ra1 Ra5 28.Rxa5 Qxa5 29.Ng2 Qa4
30.Qe2 h5 31.Rc1 Qa3 32.Rc2 g6 33.Kh2 Bg7 34.Ne1 e4 35.Ng2 Bh6 36.Ne3 f4
37.gxf4 Bxf4+ 38.Kg2 Qa7 39.Kg1 Rb8 40.Nf1 Qe7 41.f3 e3 42.Qd3 Kh7 43.Rg2 Rg8
44.Re2 Re8 45.Rg2 Qf6 46.Qc2 Re7 47.Qd3 Ra7 48.Qc2 Rg7 49.Qd3 Qxh4 50.c5 dxc5
51.d6 Qd8 52.Nxe3 Qxd6 53.Qxd6 Bxd6 54.Nc4 Bf4 55.Re2 Kh6 56.Re4 Kg5 57.Nb6 Ra7
58.Nd5 Ra1+ 59.Kg2 Ra2+ 60.Kg1 Bg3  0-1

[Event "XVIII Open"]
[Site "Cappelle la Grande FRA"]
[Date "2002.02.12"]
[Round "4"]
[White "Szieberth,A"]
[Black "Galdunts,S"]
[Result "0-1"]
[WhiteElo "2345"]
[BlackElo "2510"]

1.e4 d6 2.d4 Nf6 3.Nc3 Nbd7 4.f4 e5 5.Nf3 exd4 6.Qxd4 c6 7.Be3 d5 8.exd5 Bc5
9.Qd3 Qe7 10.Kd2 Bb4 11.Re1 Bxc3+ 12.bxc3 cxd5 13.Ng5 O-O 14.Bd4 Qd6 15.Be5 Qc6
16.c4 Nc5 17.Qd4 dxc4 18.Kc1 Bf5 19.Bd6 Nd3+ 20.cxd3 cxd3+ 21.Kb2 Rad8  0-1

[Event "FSGM February"]
[Site "Budapest HUN"]
[Date "2002.02.13"]
[Round "12"]
[White "Kosanovic,G"]
[Black "Mensch,E"]
[Result "1/2-1/2"]
[WhiteElo "2428"]
[BlackElo "2380"]

1.e4 d6 2.d4 Nf6 3.Nc3 Nbd7 4.Nf3 e5 5.Bc4 Be7 6.O-O O-O 7.Re1 c6 8.a4 b6
9.d5 cxd5 10.Nxd5 Bb7 11.b3 Rc8 12.Re2 Nxd5 13.Bxd5 Bxd5 14.Qxd5 Nf6 15.Qd1 Qc7
16.c4 Qb7 17.Bg5 Nxe4 18.Rxe4 f6 19.Bxf6 gxf6  1/2-1/2

[Event "XVIII Open"]
[Site "Cappelle la Grande FRA"]
[Date "2002.02.13"]
[Round "5"]
[White "Payen,A"]
[Black "Dumitrache,D"]
[Result "1/2-1/2"]
[WhiteElo "2388"]
[BlackElo "2506"]

1.e4 d6 2.d4 Nf6 3.Nc3 c6 4.g3 Nbd7 5.Bg2 e5 6.Nge2 b5 7.a3 Be7 8.O-O O-O
9.Bh3 Bb7 10.g4 h5 11.gxh5 Nxh5 12.f4 a5 13.d5 Ndf6 14.dxc6 Qb6+ 15.Kh1 Bxc6
16.Nd5 Bxd5 17.exd5 Nxf4 18.Nxf4 exf4 19.Bxf4 Rfe8 20.Qf3 Qc7 21.Rf2 Bf8
22.Rg1 Ne4 23.Re2 Nf6 24.Rf2 Ne4 25.Re2 Nf6 26.Rf2  1/2-1/2

[Event "XVIII Open"]
[Site "Cappelle la Grande FRA"]
[Date "2002.02.14"]
[Round "6"]
[White "Sprenger,J"]
[Black "Galdunts,S"]
[Result "1-0"]
[WhiteElo "2464"]
[BlackElo "2510"]

1.e4 d6 2.d4 Nf6 3.Nc3 Nbd7 4.f4 e5 5.Nf3 exd4 6.Qxd4 c6 7.Be3 d5 8.exd5 Bc5
9.Qd3 Qe7 10.Nd4 Nb6 11.dxc6 bxc6 12.O-O-O O-O 13.Bg1 Qc7 14.g3 Nbd5 15.Nxd5 cxd5
16.Nb5 Qb6 17.Bxc5 Qxc5 18.Qd4 Qc6 19.Nc3 Be6 20.Bd3 Rab8 21.f5 Bd7 22.g4 a5
23.a3 Qb7 24.b3 Bc6 25.Rhe1 Rfe8 26.Kb2 Qc7 27.Re2 a4 28.b4 h6 29.h4 Ne4
30.Bxe4 dxe4 31.Qd6 Qb7 32.g5 Red8 33.Qxd8+ Rxd8 34.Rxd8+ Kh7 35.Rg2 g6 36.f6 Qc7
37.Rf8 e3 38.Re2 Qa7 39.Re1 Bf3 40.Re8 e2 41.Nxe2 Bxe2 42.R8xe2 Qd4+ 43.Kb1 Qxh4
44.Re7 Kg8 45.Rd1  1-0

[Event "XVIII Open"]
[Site "Cappelle la Grande FRA"]
[Date "2002.02.15"]
[Round "7"]
[White "Sofronie,I"]
[Black "Hautot,S"]
[Result "1-0"]
[WhiteElo "2458"]
[BlackElo "2274"]

1.e4 d6 2.d4 Nf6 3.Nc3 Nbd7 4.g4 h6 5.h3 c6 6.Bg2 e5 7.Nge2 b5 8.a3 Bb7 9.O-O g6
10.Be3 Bg7 11.Qd2 a6 12.Rad1 Qc7 13.f4 O-O-O 14.fxe5 dxe5 15.d5 c5 16.Rf2 Qd6
17.Rdf1 Rdf8 18.Nc1 Qe7 19.Nd3 Ne8 20.b4 cxb4 21.Nxb4 Nd6 22.Nc6 Qe8 23.a4 Nb8
24.axb5 axb5 25.Na7+ Kd8 26.Ncxb5 Nc4 27.Qc3  1-0

[Event "Petrov Mem Open"]
[Site "St Petersburg RUS"]
[Date "2002.02.15"]
[Round "4"]
[White "Karasev,V"]
[Black "Zemerov,V"]
[Result "1-0"]
[WhiteElo "2436"]
[BlackElo "2317"]

1.e4 d6 2.d4 Nf6 3.Nc3 e5 4.dxe5 dxe5 5.Qxd8+ Kxd8 6.f4 Bb4 7.Bd3 exf4 8.Bxf4 Be6
9.Nf3 Nbd7 10.O-O-O Nh5 11.Bg5+ Be7 12.Be3 Bc5 13.Bg5+ Kc8 14.Be2 h6 15.Bd2 Nhf6
16.h3 a6 17.g4 b5 18.e5 Nh7 19.a4 Nb6 20.Ne4 Nxa4 21.Nxc5 Nxc5 22.Be3 Nd7
23.Nd4 Bd5 24.Rhf1 Nxe5 25.Nf5 Bc4 26.Bxc4 Nxc4 27.Bd4 f6 28.Nxg7 Kb7 29.Nf5 Raf8
30.Nxh6 Ng5 31.h4 Rxh6 32.hxg5 Rg6 33.Rxf6 Rfg8 34.Rxg6 Rxg6 35.Bf6 Nd6 36.Rd5 Kc6
37.Re5 Nf7 38.Rf5 Nd6 39.Kd2 Nc4+ 40.Kd3 Nd6 41.Rf1 a5 42.Rh1 Kd5 43.Ke3 a4
44.Kf4 Rg8 45.Rd1+ Ke6 46.Re1+ Kd5 47.Re5+ Kc6 48.Kg3 Nf7 49.Re6+ Kd5 50.Re7  1-0